SOCIAL STRUCTURES & AGING INDIVIDUALS (Record no. 10406)

MARC details
000 -LEADER
fixed length control field 00297nam a22001337a 4500
003 - CONTROL NUMBER IDENTIFIER
control field SGT
082 ## - DEWEY DECIMAL CLASSIFICATION NUMBER
Classification number 616.89
Item number S08S
100 ## - MAIN ENTRY--PERSONAL NAME
Personal name SCHAIE, K. WARNER
245 ## - TITLE STATEMENT
Title SOCIAL STRUCTURES & AGING INDIVIDUALS
260 ## - PUBLICATION, DISTRIBUTION, ETC. (IMPRINT)
Place of publication, distribution, etc USA
Name of publisher, distributor, etc SPRINGER
Year of Publication 2008
300 ## - PAGE DESCRIPTION
No. of Pages 391
650 ## - SUBJECT ADDED ENTRY--TOPICAL TERM
Topical term or geographic name as entry element PSYCHOLOGY
942 ## - ADDED ENTRY ELEMENTS (KOHA)
Source of classification or shelving scheme Dewey Decimal Classification
Koha item type Books
Holdings
Withdrawn status Lost status Source of classification or shelving scheme Damaged status Not for loan Collection code Home library Current library Shelving location Date acquired Vendor Name Cost, normal purchase price SGTU Bill Number Total Checkouts Full call number Accession No. (Barcode) Date last seen Bill Date Koha item type
    Dewey Decimal Classification     MEDICAL SGT Medical Library SGT Medical Library Reference Book 12/01/2017 ABC 90.00 SGTU 6069   616.89 S08S FM7607 12/01/2017 11/09/2015 Books